Estudios americanos : revista de síntesis e interpretación histórica : revista de la Escuela de Estudios Hispanoamericanos de Sevilla /
La revista Estudios americanos nació con la intención de presentar un trabajo de síntesis e interpretación no sólo histórica, sino también literaria, jurídica y artística de carácter científico acerca de temas hispánicos. También desean ofrecer información acerca de distintos aspectos culturales sob...
Đã lưu trong:
| Định dạng: | Sách |
|---|---|
| Ngôn ngữ: | Tiếng Tây Ban Nha |
| Những chủ đề: | |
| Các nhãn: |
Không có thẻ, Là người đầu tiên thẻ bản ghi này!
|
MARC
| LEADER | 00000nam^a2200000^a^4500 | ||
|---|---|---|---|
| 001 | 000113649 | ||
| 005 | 20250521000000.0 | ||
| 009 | 20260310093952.379 | ||
| 037 | |a Acervo ITESO - Biblioteca | ||
| 041 | |a ESP | ||
| 082 | |a 980. 005 |b EST V. 1 | ||
| 240 | 1 | 1 | |a [Estudios americanos] |
| 245 | 1 | 0 | |a Estudios americanos : |b revista de síntesis e interpretación histórica : revista de la Escuela de Estudios Hispanoamericanos de Sevilla / |
| 264 | |a Sevilla, España : |b Escuela de Estudios Hispanoamericanos de Sevilla, |c 1948 | ||
| 300 | |a 196 p. | ||
| 336 | |a texto |b txt |2 rdacontenido | ||
| 337 | |a sin mediación |b n |2 rdamedio | ||
| 338 | |a volumen |b nc |2 rdasoporte | ||
| 520 | |a La revista Estudios americanos nació con la intención de presentar un trabajo de síntesis e interpretación no sólo histórica, sino también literaria, jurídica y artística de carácter científico acerca de temas hispánicos. También desean ofrecer información acerca de distintos aspectos culturales sobre los países de habla hispana. En este, que es el número inicial de la publicación, presentan dos artículos, uno dedicado a la relación iglesia-estado durante el reinado de Carlos III, y el otro, acerca del criterio artístico de Hernán Cortés. | ||
| 649 | |a XX | ||
| 650 | |a América - |x Historia - |x Publicaciones Periódicas Españolas | ||
| 650 | |a España - |x Historia - |x Publicaciones Periódicas Españolas | ||
| 650 | |a Iglesia y Estado - |z España - |x Historia | ||
| 650 | |a España - |x Historia - |y Carlos III, 1759-1788 | ||
| 650 | |a España - |x Historia - |y Siglo XVIII | ||
| 650 | |a España - |x Historia - |y Borbones, 1700-1931 | ||
| 650 | |a Conquistadores Españoles | ||
| 650 | |a Gobernadores Coloniales en México | ||
| 650 | |a Políticos Españoles | ||
| 650 | |a Militares Españoles | ||
| 650 | |a Exploradores y Viajeros Españoles | ||
| 650 | |a México - |x Historia - |y Descubrimiento y Conquista, 1517-1521 | ||
| 650 | |a México - |x Historia - |y Siglo XVI | ||
| 650 | |a México - |x Historia - |y Epoca Colonial, 1517-1821 | ||
| 650 | |a Cortés, Hernán | ||
| 910 | |a Fondo Salvador Reynoso Reynoso | ||
| 920 | |a Impresos - Libros | ||
| 930 | |a Fondos Especiales | ||
| 905 | |a 112 | ||
| 901 | |a 0800002375 |b IT2 |c ESP |u 20250521 | ||
| 902 | |a https://opac.biblio.iteso.mx/vufind/Record/000113649 | ||